<?xml version="1.0" encoding="UTF-8"?>
<record
    xmlns:xsi="http://www.w3.org/2001/XMLSchema-instance"
    xsi:schemaLocation="http://www.loc.gov/MARC21/slim http://www.loc.gov/standards/marcxml/schema/MARC21slim.xsd"
    xmlns="http://www.loc.gov/MARC21/slim">

  <leader>00642nam a22002177a 4500</leader>
  <controlfield tag="005">20250901122234.0</controlfield>
  <controlfield tag="008">240902b        |||||||| |||| 00| 0 eng d</controlfield>
  <datafield tag="020" ind1=" " ind2=" ">
    <subfield code="a">9789358499018</subfield>
  </datafield>
  <datafield tag="040" ind1=" " ind2=" ">
    <subfield code="a">IN-DiNC</subfield>
    <subfield code="c">IN-DiNC</subfield>
  </datafield>
  <datafield tag="041" ind1=" " ind2=" ">
    <subfield code="d">eng</subfield>
  </datafield>
  <datafield tag="082" ind1=" " ind2=" ">
    <subfield code="a">301.072</subfield>
    <subfield code="b">BHU</subfield>
  </datafield>
  <datafield tag="100" ind1=" " ind2=" ">
    <subfield code="a">Bhuyan, Dilip Kumar</subfield>
    <subfield code="e">author</subfield>
  </datafield>
  <datafield tag="245" ind1=" " ind2=" ">
    <subfield code="a">Methods of sociological enquiry (Minor3)/</subfield>
    <subfield code="c">by Dilip Kumar Bhuyan, Moushumi Bordoloi and Priyanka Borah</subfield>
  </datafield>
  <datafield tag="250" ind1=" " ind2=" ">
    <subfield code="a">1st ed.</subfield>
  </datafield>
  <datafield tag="260" ind1=" " ind2=" ">
    <subfield code="a">Dibrugarh:</subfield>
    <subfield code="b">Banalata,</subfield>
    <subfield code="c">2024.</subfield>
  </datafield>
  <datafield tag="300" ind1=" " ind2=" ">
    <subfield code="a">255p.</subfield>
  </datafield>
  <datafield tag="650" ind1=" " ind2=" ">
    <subfield code="a">Social research</subfield>
  </datafield>
  <datafield tag="700" ind1=" " ind2=" ">
    <subfield code="a">Bordoloi, Moushumi</subfield>
    <subfield code="e">author</subfield>
  </datafield>
  <datafield tag="700" ind1=" " ind2=" ">
    <subfield code="a">Borah, Priyanka</subfield>
    <subfield code="e">author</subfield>
  </datafield>
  <datafield tag="942" ind1=" " ind2=" ">
    <subfield code="2">ddc</subfield>
    <subfield code="c">BK</subfield>
  </datafield>
  <datafield tag="999" ind1=" " ind2=" ">
    <subfield code="c">11925</subfield>
    <subfield code="d">11925</subfield>
  </datafield>
  <datafield tag="952" ind1=" " ind2=" ">
    <subfield code="0">0</subfield>
    <subfield code="1">0</subfield>
    <subfield code="2">ddc</subfield>
    <subfield code="4">0</subfield>
    <subfield code="7">0</subfield>
    <subfield code="8">SOCI</subfield>
    <subfield code="a">MAIN</subfield>
    <subfield code="b">MAIN</subfield>
    <subfield code="c">GEN</subfield>
    <subfield code="d">2024-09-02</subfield>
    <subfield code="g">330.00</subfield>
    <subfield code="l">2</subfield>
    <subfield code="o">301.072 BHU</subfield>
    <subfield code="p">30166</subfield>
    <subfield code="r">2025-12-06 06:10:10</subfield>
    <subfield code="s">2025-11-26</subfield>
    <subfield code="t">1</subfield>
    <subfield code="w">2024-09-02</subfield>
    <subfield code="y">BK</subfield>
  </datafield>
  <datafield tag="952" ind1=" " ind2=" ">
    <subfield code="0">0</subfield>
    <subfield code="1">0</subfield>
    <subfield code="2">ddc</subfield>
    <subfield code="4">0</subfield>
    <subfield code="7">0</subfield>
    <subfield code="8">SOCI</subfield>
    <subfield code="a">MAIN</subfield>
    <subfield code="b">MAIN</subfield>
    <subfield code="c">GEN</subfield>
    <subfield code="d">2024-09-02</subfield>
    <subfield code="g">330.00</subfield>
    <subfield code="l">6</subfield>
    <subfield code="o">301.072 BHU</subfield>
    <subfield code="p">30167</subfield>
    <subfield code="r">2025-12-06 06:05:42</subfield>
    <subfield code="s">2025-11-11</subfield>
    <subfield code="t">2</subfield>
    <subfield code="w">2024-09-02</subfield>
    <subfield code="y">BK</subfield>
  </datafield>
  <datafield tag="952" ind1=" " ind2=" ">
    <subfield code="0">0</subfield>
    <subfield code="1">0</subfield>
    <subfield code="2">ddc</subfield>
    <subfield code="4">0</subfield>
    <subfield code="7">0</subfield>
    <subfield code="8">SOCI</subfield>
    <subfield code="a">MAIN</subfield>
    <subfield code="b">MAIN</subfield>
    <subfield code="c">GEN</subfield>
    <subfield code="d">2024-09-02</subfield>
    <subfield code="g">330.00</subfield>
    <subfield code="l">3</subfield>
    <subfield code="o">301.072 BHU</subfield>
    <subfield code="p">30168</subfield>
    <subfield code="r">2025-10-07 09:11:07</subfield>
    <subfield code="s">2025-09-18</subfield>
    <subfield code="t">3</subfield>
    <subfield code="w">2024-09-02</subfield>
    <subfield code="y">BK</subfield>
  </datafield>
  <datafield tag="952" ind1=" " ind2=" ">
    <subfield code="0">0</subfield>
    <subfield code="1">0</subfield>
    <subfield code="2">ddc</subfield>
    <subfield code="4">0</subfield>
    <subfield code="7">0</subfield>
    <subfield code="8">SOCI</subfield>
    <subfield code="a">MAIN</subfield>
    <subfield code="b">MAIN</subfield>
    <subfield code="c">GEN</subfield>
    <subfield code="d">2025-09-01</subfield>
    <subfield code="g">330.00</subfield>
    <subfield code="l">0</subfield>
    <subfield code="o">301.072 BHU</subfield>
    <subfield code="p">31001</subfield>
    <subfield code="r">2025-09-01 12:23:40</subfield>
    <subfield code="t">4</subfield>
    <subfield code="w">2025-09-01</subfield>
    <subfield code="y">BK</subfield>
  </datafield>
  <datafield tag="952" ind1=" " ind2=" ">
    <subfield code="0">0</subfield>
    <subfield code="1">0</subfield>
    <subfield code="2">ddc</subfield>
    <subfield code="4">0</subfield>
    <subfield code="7">0</subfield>
    <subfield code="8">SOCI</subfield>
    <subfield code="a">MAIN</subfield>
    <subfield code="b">MAIN</subfield>
    <subfield code="c">GEN</subfield>
    <subfield code="d">2025-09-01</subfield>
    <subfield code="g">330.00</subfield>
    <subfield code="l">0</subfield>
    <subfield code="o">301.072 BHU</subfield>
    <subfield code="p">31002</subfield>
    <subfield code="r">2025-09-01 12:23:40</subfield>
    <subfield code="t">5</subfield>
    <subfield code="w">2025-09-01</subfield>
    <subfield code="y">BK</subfield>
  </datafield>
</record>
